Comparative Law (Record no. 26773)
[ view plain ]
| 000 -LEADER | |
|---|---|
| fixed length control field | 00980 a2200157 4500 |
| 020 ## - INTERNATIONAL STANDARD BOOK NUMBER | |
| ISBN | 9781107594722 |
| 082 ## - DEWEY DECIMAL CLASSIFICATION NUMBER | |
| Classification number | 347 |
| Item number | GUT-C |
| 100 ## - MAIN ENTRY--AUTHOR NAME | |
| Personal name | Gutteridge, H.C |
| 245 ## - TITLE STATEMENT | |
| Title | Comparative Law |
| Sub Title | : An Introduction to the Comparative Method of Legal Study and Research |
| 260 ## - PUBLICATION, DISTRIBUTION, ETC. (IMPRINT) | |
| Name of publisher | Cambridge University Press |
| Year of publication | 2015 |
| 300 ## - PHYSICAL DESCRIPTION | |
| Number of Pages | 226,pp. |
| 500 ## - GENERAL NOTE | |
| General note | Include Appendix & Index. |
| 520 ## - SUMMARY, ETC. | |
| Summary, etc | First published in 1946, this book formed part of the Cambridge Studies in International and Comparative Law series. The text was written with three key aims: to explain the origin and meaning of comparative law; to describe the purposes for which the comparative method of legal study can be utilised; and to estimate the value of comparative law as an instrument for the growth and development of the law. Tables of cases and statutes are included. This book will be of value to anyone with an interest in comparative law and legal history. |
| 650 ## - SUBJECT ADDED ENTRY--TOPICAL TERM | |
| Topical Term | Comparative law |
| 942 ## - ADDED ENTRY ELEMENTS (KOHA) | |
| Source of classification or shelving scheme | Dewey Decimal Classification |
| Koha item type | Books |
| Withdrawn status | Lost status | Damaged status | Not for loan | Home library | Current library | Date acquired | Source of acquisition | Cost, normal purchase price | Bill Date | Full call number | Accession Number | Cost, replacement price | Price effective from | Koha item type |
|---|---|---|---|---|---|---|---|---|---|---|---|---|---|---|
| NASSDOC Library | NASSDOC Library | 13/04/2021 | Overseas Press India Private Limited | 1564.72 | 2021-03-08 | 340.2 GUT-C | 51491 | 2203.84 | 13/04/2021 | Books |
